000 00668nam a2200205 a 4500
001 000042068
003 DO-SdBNP
005 20210615100118.0
008 131112s2013 dr 000 0 spa d
020 _a9789993445173
040 _aDO-SdBNP
_bspa
_cBNPHU
100 1 _aGarcía Molina, Bartolo
_96
245 1 3 _aEl discurso científico :
_bteoría y aplicación /
_cBartolo García Molina ; prólogo Juan Francisco Viloria.
260 _aSanto Domingo :
_bSurco,
_c2013.
300 _a278 p. :
_bil. ;
_c23 cm.
504 _aBibliografía : p. [269--278]
590 _aInventariado, 2019/VM
700 1 _aJuan Francisco Viloria,
_epról.
_969056
942 _2ddc
_cLBS1
999 _c41557
_d41557